[Event "Pan American-ch U12"]
[Site "Santiago de Chile"]
[Date "2018.07.23"]
[Round "3"]
[White "Boris, Peter Theodore"]
[Black "Cubillos Diaz De Valdes, Rodrigo"]
[Result "1-0"]
[WhiteElo "1783"]
[BlackElo "1419"]
[PlyCount "73"]
[EventDate "2018.07.22"]
[EventType "swiss"]
[EventRounds "9"]
[EventCountry "CHI"]
[SourceTitle "EXT 2022"]
[Source "ChessBase"]
[SourceDate "2021.10.06"]
[SourceVersion "1"]
[SourceVersionDate "2021.10.06"]
[SourceQuality "1"]

1. e4 e5 2. Nf3 Nc6 3. Bb5 Bc5 4. 0-0 d6 5. c3 a6 6. Ba4 Bd7 7. d4 exd4 8. cxd4 Bb6 9. Nc3 Nge7 10. Bg5 h6 11. Be3 0-0 12. Kh1 Bg4 13. Bb3 Bxd4 14. Bxd4 Bxf3 15. gxf3 Ng6 16. Rg1 Nh4 17. Rxg7+ Kh8 18. Rxf7+ Ne5 19. Bxe5+ dxe5 20. Qxd8 Raxd8 21. Rd1 Rxd1+ 22. Nxd1 Rxf7 23. Bxf7 Nxf3 24. Kg2 Nd4 25. Ne3 Kg7 26. Bc4 Kf6 27. Nd5+ Kg5 28. Nxc7 Kf4 29. Bd5 b5 30. Nxa6 Nf3 31. Nb4 Ng5 32. Nd3+ Kg4 33. Nxe5+ Kh4 34. f4 Nh3 35. Nf3+ Kh5 36. Kxh3 b4 37. Bf7# 1-0

[Event "Wch U12"]
[Site "Pocos de Caldas"]
[Date "2017.08.27"]
[Round "6"]
[White "Cubillos Diaz De Valdes, Rodrigo"]
[Black "Lopez Ramirez, David Santiago"]
[Result "1-0"]
[WhiteElo "1317"]
[BlackElo "1774"]
[PlyCount "115"]
[EventDate "2017.08.22"]
[EventType "swiss"]
[EventRounds "11"]
[EventCountry "BRA"]
[SourceTitle "CBM 180 Extra"]
[Source "ChessBase"]
[SourceDate "2017.10.06"]
[SourceVersion "1"]
[SourceVersionDate "2017.10.06"]
[SourceQuality "1"]

1. e4 c5 2. Nf3 e6 3. d4 cxd4 4. Nxd4 Nf6 5. Bd3 Nc6 6. Nb3 d5 7. exd5 Nxd5 8. a3 Bd6 9. c4 Nf4 10. Be4 f5 11. Bxc6+ bxc6 12. Bxf4 Bxf4 13. Qxd8+ Kxd8 14. N1d2 Kc7 15. Rb1 Rd8 16. g3 Bg5 17. f4 Bf6 18. 0-0 a5 19. Nf3 Rd3 20. Nc5 Rxf3 21. Rxf3 Bd4+ 22. Kf1 Bxc5 23. Rd3 Ba6 24. Rc1 a4 25. Kg2 Rd8 26. Rxd8 Kxd8 27. Kf3 Ke7 28. h3 Kf6 29. g4 fxg4+ 30. hxg4 g5 31. Rh1 Kg6 32. fxg5 Bxc4 33. Rh6+ Kxg5 34. Rh5+ Kf6 35. Rxc5 Bd5+ 36. Kg3 Ke7 37. Ra5 Bb3 38. Ra7+ Kd6 39. Rxh7 Kd5 40. Rd7+ Ke4 41. Kh4 e5 42. g5 Kf3 43. Rd8 e4 44. Rf8+ Ke2 45. g6 e3 46. g7 Kd1 47. Rd8+ Kc2 48. Kg3 Kxb2 49. g8Q Bxg8 50. Rxg8 Kxa3 51. Kf3 Kb2 52. Kxe3 a3 53. Kd2 c5 54. Rb8+ Ka1 55. Kc2 c4 56. Ra8 a2 57. Rh8 c3 58. Rh1# 1-0

[Event "Wch U12"]
[Site "Pocos de Caldas"]
[Date "2017.08.22"]
[Round "1"]
[White "Cubillos Diaz De Valdes, Rodrigo"]
[Black "Kumar, Naman"]
[Result "0-1"]
[WhiteElo "1317"]
[BlackElo "1816"]
[PlyCount "82"]
[EventDate "2017.08.22"]
[EventType "swiss"]
[EventRounds "11"]
[EventCountry "BRA"]
[SourceTitle "CBM 180 Extra"]
[Source "ChessBase"]
[SourceDate "2017.10.06"]
[SourceVersion "1"]
[SourceVersionDate "2017.10.06"]
[SourceQuality "1"]

1. e4 e6 2. d4 d5 3. exd5 exd5 4. Nf3 Bd6 5. Nc3 Nf6 6. Bd3 0-0 7. 0-0 Nc6 8. Bg5 Be6 9. Re1 h6 10. Bh4 Re8 11. h3 Nb4 12. Ne5 Nxd3 13. Qxd3 g5 14. Bg3 Nh5 15. Qe3 Nxg3 16. fxg3 f6 17. Nd3 Qd7 18. Qf2 Kg7 19. Rf1 Rf8 20. Qf3 c6 21. g4 Rae8 22. Rae1 b6 23. a3 Bb8 24. Re3 c5 25. Ne2 c4 26. Ne1 Qd6 27. g3 b5 28. b3 a5 29. a4 bxa4 30. bxa4 Qd7 31. Nc3 f5 32. Qe2 f4 33. gxf4 Bxf4 34. Ref3 Bxg4 35. Qg2 Bxf3 36. Nxf3 Kh8 37. Ne5 Bxe5 38. Rxf8+ Rxf8 39. dxe5 Qa7+ 40. Kh1 Qe3 41. Nxd5 Qe1+ 0-1

[Event "South American-ch U10"]
[Site "Santiago de Chile"]
[Date "2016.12.02"]
[Round "2.5"]
[White "Cubillos Diaz De Valdes, Rodrigo"]
[Black "Chiappero, Julio Alfredo"]
[Result "0-1"]
[WhiteElo "1318"]
[BlackElo "1579"]
[PlyCount "104"]
[EventDate "2016.12.01"]
[EventType "swiss"]
[EventRounds "9"]
[EventCountry "CHI"]
[SourceTitle "EXT 2022"]
[Source "ChessBase"]
[SourceDate "2021.10.06"]
[SourceVersion "1"]
[SourceVersionDate "2021.10.06"]
[SourceQuality "1"]

1. e4 c5 2. Nf3 e6 3. d4 cxd4 4. Nxd4 Nf6 5. Nc3 Nc6 6. Be3 Bb4 7. Bd3 d5 8. f3 0-0 9. 0-0 dxe4 10. Nxc6 bxc6 11. Nxe4 Nd5 12. Bd2 Qb6+ 13. Kh1 Bxd2 14. Qxd2 Qxb2 15. Rfb1 Qe5 16. g3 Nf6 17. Nxf6+ Qxf6 18. Rf1 Rd8 19. Rad1 Bb7 20. Qb4 Ba6 21. Qa5 Bxd3 22. Rxd3 Rxd3 23. cxd3 Qd4 24. Qd2 Rb8 25. Rf2 h6 26. Kg2 Rd8 27. Qa5 Qxd3 28. Qxa7 Qd5 29. Rc2 Qd1 30. Rb2 Qc1 31. Rf2 c5 32. a4 c4 33. a5 c3 34. a6 c2 35. Qc5 Qa1 36. Rxc2 Qxa6 37. Qc7 Qd6 38. Qxd6 Rxd6 39. Rc8+ Kh7 40. Rc7 Kg6 41. Kh3 Rd3 42. f4 h5 43. Kh4 Rd2 44. h3 f6 45. Rc8 Rd4 46. Rh8 e5 47. g4 hxg4 48. hxg4 Rxf4 49. Rh5 f5 50. Rg5+ Kf6 51. Rxf5+ Rxf5 52. gxf5 Kxf5 0-1